Practicas y audiencias deportivas : Una exploracion de la consistencia y direccion de sus relaciones (Registro nro. 143850)

Detalles MARC
001 - NÚMERO DE CONTROL
campo de control 582896
005 - FECHA Y HORA DE LA ÚLTIMA TRANSACCIÓN
campo de control 20241118090838.0
008 - DATOS DE LONGITUD FIJA--INFORMACIÓN GENERAL
campo de control de longitud fija 000307e19990701 spa
035 ## - NÚMERO DE CONTROL DEL SISTEMA
Número de control de sistema 582896
035 ## - NÚMERO DE CONTROL DEL SISTEMA
Número de control de sistema (OCoLC)819823470
040 ## - FUENTE DE LA CATALOGACIÓN
Centro/agencia transcriptor comduadb
041 ## - CÓDIGO DE LENGUA
Código de lengua del texto/banda sonora o título independiente spa
100 10 - ENTRADA PRINCIPAL--NOMBRE DE PERSONA
Nombre de persona Serrano Sanchez, Jose Antonio
Código de función aut
Término indicativo de función/relación Autor/a
9 (RLIN) 302828
245 10 - MENCIÓN DE TÍTULO
Título Practicas y audiencias deportivas : Una exploracion de la consistencia y direccion de sus relaciones
650 #7 - PUNTO DE ACCESO ADICIONAL DE MATERIA--TÉRMINO DE MATERIA
Término de materia o nombre geográfico como elemento de entrada Deportes
Subdivisión general Aspectos sociológicos
Fuente del encabezamiento o término lemb
9 (RLIN) 5614
650 #7 - PUNTO DE ACCESO ADICIONAL DE MATERIA--TÉRMINO DE MATERIA
Término de materia o nombre geográfico como elemento de entrada Deportes
Fuente del encabezamiento o término lemb
9 (RLIN) 1512
650 #7 - PUNTO DE ACCESO ADICIONAL DE MATERIA--TÉRMINO DE MATERIA
Término de materia o nombre geográfico como elemento de entrada Psicología del deporte
Fuente del encabezamiento o término dcs
9 (RLIN) 139565
650 #7 - PUNTO DE ACCESO ADICIONAL DE MATERIA--TÉRMINO DE MATERIA
Término de materia o nombre geográfico como elemento de entrada Deportes
Subdivisión general Aspectos sociológicos
Fuente del encabezamiento o término lemb
9 (RLIN) 5614
773 0# - ENLACE AL DOCUMENTO FUENTE/ENTRADA DE REGISTRO ANFITRIÓN
Título Revista Española de Investigaciones Sociológicas (Madrid)
Parte(s) relacionada(s) No. 087, Jul.- Sep. 1999, p. 255-288
Número de control del registro 103174
Número Internacional Normalizado para Publicaciones Seriadas 0210-5233
Número bibliográfico anfitrión 89782
942 ## - ELEMENTOS DE ENTRADA AGREGADA (KOHA)
Tipo de ítem Koha Artículo de Revista

No hay ítems disponibles.